Resolución Miscelánea Fiscal abril 2007/

-д хадгалсан:
Номзүйн дэлгэрэнгүй
Байгууллагын зохиогч: México
Формат: Ном
Хэл сонгох:испани
Хэвлэсэн: Guadalajara, México : Tegra, 2007, c2007
Хэвлэл:8a edición
Нөхцлүүд:
Шошгууд: Шошго нэмэх
Шошго байхгүй, Энэхүү баримтыг шошголох эхний хүн болох!

MARC

LEADER 00000nam^a2200000^a^4500
001 000272945
005 20250521000000.0
008 080307 20072007
009 20260526134153.701
037 |a Acervo ITESO - Biblioteca 
041 |a ESP 
082 |a 343. 7204  |b MEX 2007 
110 |a México 
240 1 1 |a [Leyes, etc.] 
240 1 1 |a [Resolución Miscelánea Fiscal] 
245 1 0 |a Resolución Miscelánea Fiscal abril 2007/ 
250 |a 8a edición 
264 4 |a Guadalajara, México :  |b Tegra,  |c 2007, c2007 
300 |a XVI, 713 p. 
336 |a texto  |b txt  |2 rdacontenido 
337 |a sin mediación  |b n  |2 rdamedio 
338 |a volumen  |b nc  |2 rdasoporte 
649 |a XX 
650 |a Declaración Fiscal -  |z México -  |x Leyes y Reglamentos 
650 |a Impuestos sobre la Renta -  |z México -  |x Leyes y Reglamentos 
650 |a Impuestos al Valor Agregado -  |z México -  |x Leyes y Reglamentos 
650 |a Impuestos Especiales sobre Producción y Servicios -  |z México -  |x Leyes y Reglamentos 
650 |a Impuestos sobre Automóviles Nuevos -  |z México -  |x Leyes y Reglamentos 
650 |a Impuestos -  |z México -  |x Leyes y Reglamentos 
650 |a Contabilidad Fiscal -  |x Aspectos Jurídicos 
650 |a Derecho Fiscal -  |z México -  |x Leyes y Reglamentos -  |x Tema Principal 
650 |a Derecho Administrativo -  |z México -  |x Leyes y Reglamentos 
650 |a Derecho Público -  |z México -  |x Leyes y Reglamentos 
650 |a México -  |x Leyes y Reglamentos 
910 |a Fondo General 
920 |a Impresos - Libros 
930 |a Colección General 
905 |a 101 
901 |a 0500158421  |b IT1  |c ACC  |u 20250521 
902 |a https://opac.biblio.iteso.mx/vufind/Record/000272945